| 000 | 00493nam a2200193 a 4500 | ||
|---|---|---|---|
| 001 | 1774866810197 | ||
| 003 | YourLibrary | ||
| 005 | 20260330160637.0 | ||
| 008 | 260330s2008##################000#0#eng## | ||
| 020 | _a9780552156028 | ||
| 082 | 0 | 4 |
_a355.331092 _bJAC |
| 100 | 1 |
_aJackson, Mike, _eauthor. |
|
| 245 | 1 | 0 | _aSoldier : |
| 260 |
_bRandom House, _c2008. |
||
| 300 | _a531 pages | ||
| 650 | 0 | _aBiography & Autobiography. | |
| 942 | _cENGLISH | ||
| 040 |
_aYourLibrary _beng _cYourLibrary |
||
| 999 |
_c618465 _d618465 |
||